000 00442nam a2200169Ia 4500
008 210716s2005 xx 000 0 und d
020 _a8178810611
041 _aeng
082 _a657 SEEK
100 _aSeethapathi, K; Padmaja, G L; Padmavathi, C; Srinivas, N.
245 _aAccounting standards.
250 _a1
260 _aHyderabad
_bICFAI University Press
_c2005
300 _avii,207
440 _vV
650 _aAccounting(657)
999 _c202280
_d202280